| 000 | 00789cam a2200265 4500 | ||
|---|---|---|---|
| 001 | J1394 | ||
| 008 | 090401t1995 xxu||||| |||| 00| 0 eng d | ||
| 035 | _a(Sirsi) u43297 | ||
| 041 | _aeng | ||
| 050 | _a333.33016 | ||
| 110 |
_aInvestment Property Databank _92288 |
||
| 245 | _aIPD monthly index. - February 1993 - December 1995 | ||
| 260 |
_aLondon _bInvestment Property Databank _c1993-1995 |
||
| 300 | _a35 pt. bound in one vol. ; 30cm. | ||
| 350 | _a0 | ||
| 520 | _aBoulnd volume. January 1993 missing. | ||
| 650 | _aINDUSTRIAL PROPERTY | ||
| 650 | _aOFFICES | ||
| 650 | _aPROPERTY INDICES | ||
| 650 | _aPROPERTY INVESTMENT | ||
| 650 | _aSHOPS | ||
| 690 | _aPROPERTY-COMMERCIAL PROPERTY-COMMERCIAL PROPERTY FINANCE AND INVESTMENT | ||
| 942 | _n0 | ||
| 948 | _c04/03/1997 | ||
| 999 |
_c91291 _d91291 |
||